Wired for war : the robotics revolution and conflict in the twenty-first century (Record no. 10345)
[ view plain ]
| 000 -LEADER | |
|---|---|
| fixed length control field | 00888 a2200253 4500 |
| 020 ## - INTERNATIONAL STANDARD BOOK NUMBER | |
| International Standard Book Number | 978-0-14-311684-4 |
| 020 ## - INTERNATIONAL STANDARD BOOK NUMBER | |
| International Standard Book Number | 0-14-311684-3 |
| 020 ## - INTERNATIONAL STANDARD BOOK NUMBER | |
| International Standard Book Number | 978-1-59420-198-1 |
| 040 ## - CATALOGING SOURCE | |
| Original cataloging agency | DLC |
| Language of cataloging | DLC |
| 100 1# - MAIN ENTRY--PERSONAL NAME | |
| Personal name | Singer, P. W. |
| 245 10 - TITLE STATEMENT | |
| Title | Wired for war : the robotics revolution and conflict in the twenty-first century |
| Statement of responsibility, etc. | P.W. Singer |
| 246 30 - VARYING FORM OF TITLE | |
| Title proper/short title | Robotics revolution and conflict in the twenty-first century |
| 246 30 - VARYING FORM OF TITLE | |
| Title proper/short title | Robotics revolution and conflict in the 21st century |
| 260 ## - PUBLICATION, DISTRIBUTION, ETC. | |
| Place of publication, distribution, etc. | New York : |
| Name of publisher, distributor, etc. | Penguin Books, |
| Date of publication, distribution, etc. | 2010 |
| 300 ## - PHYSICAL DESCRIPTION | |
| Extent | 499 p., : |
| Other physical details | ill. ; |
| Dimensions | 23 cm. |
| 650 #7 - SUBJECT ADDED ENTRY--TOPICAL TERM | |
| Topical term or geographic name entry element | Robotteknik |
| General subdivision | militra aspekter |
| 650 #7 - SUBJECT ADDED ENTRY--TOPICAL TERM | |
| Topical term or geographic name entry element | Military art and science |
| General subdivision | Forecasting |
| 650 #7 - SUBJECT ADDED ENTRY--TOPICAL TERM | |
| Topical term or geographic name entry element | Robotics |
| General subdivision | Military applications |
| 650 #7 - SUBJECT ADDED ENTRY--TOPICAL TERM | |
| Topical term or geographic name entry element | Military robots |
| 650 #7 - SUBJECT ADDED ENTRY--TOPICAL TERM | |
| Topical term or geographic name entry element | Military weapons |
| 650 #7 - SUBJECT ADDED ENTRY--TOPICAL TERM | |
| Topical term or geographic name entry element | Twenty-first century |
| 650 #7 - SUBJECT ADDED ENTRY--TOPICAL TERM | |
| Topical term or geographic name entry element | World politics |
| Chronological subdivision | 21st century |
| 942 ## - ADDED ENTRY ELEMENTS (KOHA) | |
| Koha item type | Book |
| Call number prefix | 355.020112 SIN |
| Source of classification or shelving scheme | |
| Withdrawn status | Lost status | Damaged status | Not for loan | Collection code | Permanent Location | Current Location | Shelving location | Date acquired | Source of acquisition | Cost, normal purchase price | Total Checkouts | Total Renewals | Full call number | Barcode | Date last seen | Date last checked out | Price effective from | Koha item type |
|---|---|---|---|---|---|---|---|---|---|---|---|---|---|---|---|---|---|---|
| Central Library (CL) | Central Library (CL) | General Stacks | 12/27/2010 | Multi-Line Books | 1167.24 | 3 | 4 | 355.020112 SIN | SEECS010450 | 02/12/2026 | 07/09/2025 | 01/05/2017 | Book |
